The Act of Teaching (Record no. 2357)
[ view plain ]
| 005 - DATE AND TIME OF LATEST TRANSACTION | |
|---|---|
| control field | 20250516083905.0 |
| 020 ## - INTERNATIONAL STANDARD BOOK NUMBER | |
| International Standard Book Number | 978-0-07-337839-8 |
| 082 ## - DEWEY DECIMAL CLASSIFICATION NUMBER | |
| Classification number | LECT 371.102 CRU |
| 100 ## - MAIN ENTRY--PERSONAL NAME | |
| Author name | CRUICKSHANK, D. R. |
| 245 ## - TITLE STATEMENT | |
| Title | The Act of Teaching |
| 250 ## - EDITION STATEMENT | |
| Edition statement | 5th Ed. |
| 260 ## - PUBLICATION, DISTRIBUTION, ETC. | |
| Place of publication, distribution, etc. | Boston, |
| Name of publisher, distributor, etc. | McGraw-Hill, |
| Date of publication, distribution, etc. | 2009. |
| 300 ## - PHYSICAL DESCRIPTION | |
| Extent | xxiii, 536p.: ill.; figure, picture, table. |
| Other physical details | Glossary & Index. |
| Dimensions | 27cm. |
| 700 ## - ADDED ENTRY--PERSONAL NAME | |
| Other authors/Editors | JENKINS, D. B & METCALF, K. K. |
| 856 ## - ELECTRONIC LOCATION AND ACCESS | |
| Link text | Access Online Book |
| Electronic name | The Act of Teaching |
| Path | www.mhhe.com/cruickshank5e |
| 942 ## - ADDED ENTRY ELEMENTS (KOHA) | |
| Source of classification or shelving scheme | Dewey Decimal Classification |
| Koha item type | Books |
| Date last seen | Total checkouts | Full call number | Barcode | Cost, replacement price | Price effective from | Koha item type | Lost status | Source of classification or shelving scheme | Damaged status | Not for loan | Withdrawn status | Home library | Current library | Shelving location | Date acquired | Cost, normal purchase price |
|---|---|---|---|---|---|---|---|---|---|---|---|---|---|---|---|---|
| 05/16/2025 | LECT 371.102 CRU | 0000008946 | 90000.00 | 05/16/2025 | Books | Dewey Decimal Classification | College of Business Education Main Library | College of Business Education Main Library | General Collection | 07/16/2012 | 30000.00 | |||||
| 05/16/2025 | LECT 371.102 CRU | 0000008947 | 90000.00 | 05/16/2025 | Books | Dewey Decimal Classification | College of Business Education Main Library | College of Business Education Main Library | General Collection | 07/16/2012 | 30000.00 |
